[Event "Maldonado IM 3rd"]
[Site "Maldonado"]
[Date "2023.12.09"]
[Round "9"]
[White "Perez Candelas, Andres Eloy"]
[Black "Ibarra, Juan Martin"]
[Result "0-1"]
[WhiteElo "2229"]
[BlackElo "2247"]
[PlyCount "66"]
[EventDate "2023.12.04"]
[EventType "tourn"]
[EventRounds "9"]
[EventCountry "URU"]
[EventCategory "1"]
[SourceTitle "CB50_2023"]
[SourceDate "2023.12.13"]
[SourceVersion "1"]
[SourceVersionDate "2023.12.13"]
[SourceQuality "1"]

1. e4 c5 2. c3 Nf6 3. e5 Nd5 4. d4 cxd4 5. Nf3 d6 6. Bc4 dxe5 7. Nxe5 e6 8. 0-0 Bd6 9. cxd4 0-0 10. Qf3 Nc6 11. Nxc6 bxc6 12. Be3 Rb8 13. Bb3 Bb7 14. Nd2 c5 15. dxc5 Nxe3 16. Qxe3 Be7 17. Rfd1 Qa5 18. Rac1 Rbc8 19. c6 Rxc6 20. Rxc6 Bxc6 21. Nc4 Qf5 22. Ne5 Ba8 23. g4 Qg5 24. Qxg5 Bxg5 25. Rd7 Rc8 26. Kf1 Bf6 27. Nxf7 Bf3 28. Ke1 Bxg4 29. h3 Bxh3 30. Rxa7 Bg4 31. Kd2 Rf8 32. f3 Bh3 33. Nd6 Rd8 0-1

[Event "Buenos Aires Torre Blanca"]
[Site "Buenos Aires"]
[Date "2023.11.25"]
[Round "1"]
[White "Diaz Hollemaert, Nahuel Carlos"]
[Black "Perez Candelas, Andres Eloy"]
[Result "1/2-1/2"]
[WhiteElo "2370"]
[BlackElo "2227"]
[PlyCount "37"]
[EventDate "2023.11.25"]
[EventType "tourn"]
[EventRounds "9"]
[EventCountry "ARG"]
[EventCategory "1"]
[SourceTitle "CB49_2023"]
[SourceDate "2023.12.06"]
[SourceVersion "1"]
[SourceVersionDate "2023.12.06"]
[SourceQuality "1"]

1. Nf3 d5 2. g3 c5 3. Bg2 Nc6 4. d4 e6 5. 0-0 cxd4 6. Nxd4 Bc5 7. Nxc6 bxc6 8. c4 Nf6 9. Qc2 Bb6 10. Nc3 0-0 11. b3 Qe7 12. Bb2 Ba6 13. Na4 Bc7 14. Rfe1 Bd6 15. e4 Bb4 16. Red1 dxc4 17. bxc4 e5 18. Rab1 Rab8 19. Bh3 1/2-1/2

[Event "Mar de Ajo op 5th"]
[Site "Mar de Ajo"]
[Date "2023.11.11"]
[Round "3"]
[White "Flores, Diego"]
[Black "Perez Candelas, Andres Eloy"]
[Result "1-0"]
[WhiteElo "2526"]
[BlackElo "2227"]
[PlyCount "77"]
[EventDate "2023.11.10"]
[EventType "swiss"]
[EventRounds "6"]
[EventCountry "ARG"]
[SourceTitle "CB46_2023"]
[SourceDate "2023.11.15"]
[SourceVersion "1"]
[SourceVersionDate "2023.11.15"]
[SourceQuality "1"]

1. g3 e5 2. c4 Nc6 3. Bg2 Bc5 4. Nc3 a6 5. Nf3 d6 6. 0-0 Nge7 7. d3 0-0 8. e3 h6 9. b3 Ba7 10. Bb2 f5 11. d4 f4 12. d5 Nb8 13. exf4 exf4 14. Nd4 Nf5 15. Nce2 fxg3 16. hxg3 Qg5 17. Nf4 Nxd4 18. Bxd4 Bg4 19. Qd2 Bxd4 20. Qxd4 Qf6 21. Qd2 Nd7 22. f3 Bf5 23. g4 Qg5 24. Rad1 Bh7 25. Ne6 Qxd2 26. Rxd2 Rfc8 27. f4 Bg6 28. Bh3 Bf7 29. g5 Nf8 30. gxh6 gxh6 31. Rg2+ Kh8 32. Nd4 Re8 33. Nf5 Bg6 34. Nxh6 Re3 35. Bf5 Kh7 36. Ng4 Re7 37. Bxg6+ Nxg6 38. f5 Ne5 39. Nf6+ 1-0

[Event "Buenos Aires Lopez Memorial"]
[Site "Buenos Aires"]
[Date "2023.07.01"]
[Round "5"]
[White "Melian, Juan Sebastian"]
[Black "Perez Candelas, Andres Eloy"]
[Result "1-0"]
[WhiteElo "2092"]
[BlackElo "2160"]
[PlyCount "95"]
[EventDate "2023.06.27"]
[EventType "tourn"]
[EventRounds "9"]
[EventCountry "ARG"]
[SourceTitle "EXT 2024"]
[Source "ChessBase"]
[SourceDate "2023.10.10"]
[SourceVersion "1"]
[SourceVersionDate "2023.10.10"]
[SourceQuality "1"]

1. c4 e6 2. Nf3 d5 3. d4 c5 4. cxd5 exd5 5. g3 Nc6 6. Bg2 cxd4 7. Nxd4 Bc5 8. Nxc6 bxc6 9. Qc2 Bb4+ 10. Bd2 Bxd2+ 11. Nxd2 Ne7 12. 0-0 h5 13. h4 0-0 14. Nb3 Rb8 15. Rac1 a5 16. Rfd1 Qb6 17. Rd2 Re8 18. Qc3 Ba6 19. Qxa5 Bc4 20. Qxb6 Rxb6 21. Nc5 Rb5 22. Na4 Rb4 23. b3 Nf5 24. e4 Ne7 25. Nc3 Ba6 26. exd5 cxd5 27. Nxd5 Nxd5 28. Bxd5 Re7 29. Bf3 g6 30. Rd6 Ra7 31. Rd8+ Kg7 32. Ra8 Rxa8 33. Bxa8 Rd4 34. Rc2 Rd1+ 35. Kh2 Bd3 36. Rb2 Kf6 37. Bf3 Ra1 38. Rd2 Bf1 39. Rd1 Rxd1 40. Bxd1 Ke5 41. Bf3 Kd4 42. Bb7 Kc3 43. Bd5 f6 44. Bc4 Bxc4 45. bxc4 Kxc4 46. Kg2 Kb4 47. Kf3 Ka3 48. Ke4 1-0

[Event "Buenos Aires Bandera Rosario"]
[Site "Buenos Aires"]
[Date "2023.06.21"]
[Round "5"]
[White "Villegas, Franco"]
[Black "Perez Candelas, Andres Eloy"]
[Result "0-1"]
[WhiteElo "2367"]
[BlackElo "2180"]
[PlyCount "140"]
[EventDate "2023.06.19"]
[EventType "tourn"]
[EventRounds "9"]
[EventCountry "ARG"]
[EventCategory "2"]
[SourceTitle "CBM 215 Extra"]
[Source "ChessBase"]
[SourceDate "2023.09.30"]
[SourceVersion "1"]
[SourceVersionDate "2023.09.30"]
[SourceQuality "1"]

1. e4 e6 2. Qe2 Nc6 3. Nf3 e5 4. c3 d5 5. d4 dxe4 6. Nxe5 Qd5 7. Qb5 Nge7 8. Qxd5 Nxd5 9. Bb5 a6 10. Ba4 Nb6 11. Bxc6+ bxc6 12. Nd2 f6 13. Nxc6 a5 14. Nb3 Nc4 15. d5 a4 16. Nbd4 Nb6 17. 0-0 Nxd5 18. Re1 Kd7 19. Nb4 Nxb4 20. cxb4 Bxb4 21. Rxe4 Re8 22. Rxe8 Kxe8 23. Bf4 c5 24. Nb5 Kf7 25. Rc1 g5 26. Bg3 Bd7 27. Nd6+ Kg6 28. a3 Bd2 29. Rxc5 Ra5 30. Rc4 f5 31. Rc2 Rd5 32. Nc4 Ba5 33. f4 Rd1+ 34. Kf2 Bc7 35. Ne3 Bb6 36. Ke2 Rd4 37. Nd1 Bb5+ 38. Ke1 gxf4 39. Bf2 Re4+ 40. Kd2 Be3+ 41. Bxe3 fxe3+ 42. Nxe3 f4 43. Nd1 Bf1 44. g3 Re2+ 45. Kc3 Re1 46. Kd2 Re2+ 47. Kc1 f3 48. Rc6+ Kf5 49. Rc5+ Ke4 50. Ra5 Rxh2 51. Rxa4+ Kd3 52. Ra8 Ke4 53. Re8+ Kd4 54. Rd8+ Ke5 55. Ne3 Bh3 56. Re8+ Kd4 57. Nd1 f2 58. Rd8+ Ke5 59. Re8+ Kd6 60. Nxf2 Rxf2 61. a4 Kc5 62. Re4 Bf5 63. b4+ Kd5 64. Re8 Rc2+ 65. Kd1 Rg2 66. a5 Kc4 67. a6 Ra2 68. b5 Bg4+ 69. Ke1 Kxb5 70. Re7 h5 0-1

[Event "Buenos Aires Bandera Rosario"]
[Site "Buenos Aires"]
[Date "2023.06.20"]
[Round "4"]
[White "Perez Candelas, Andres Eloy"]
[Black "Abramor, Franco"]
[Result "1/2-1/2"]
[WhiteElo "2180"]
[BlackElo "2080"]
[PlyCount "26"]
[EventDate "2023.06.19"]
[EventType "tourn"]
[EventRounds "9"]
[EventCountry "ARG"]
[EventCategory "2"]
[SourceTitle "CBM 215 Extra"]
[Source "ChessBase"]
[SourceDate "2023.09.30"]
[SourceVersion "1"]
[SourceVersionDate "2023.09.30"]
[SourceQuality "1"]

1. e4 e5 2. Nf3 Nc6 3. Nc3 Nf6 4. d4 exd4 5. Nxd4 Bb4 6. Nxc6 bxc6 7. Bd3 d5 8. Bd2 0-0 9. 0-0 Rb8 10. a3 Bxc3 11. Bxc3 dxe4 12. Bc4 Nd5 13. Bxd5 Qxd5 1/2-1/2

[Event "Buenos Aires Bandera Rosario"]
[Site "Buenos Aires"]
[Date "2023.06.19"]
[Round "1"]
[White "Perez Candelas, Andres Eloy"]
[Black "Ibarra, Juan Martin"]
[Result "1-0"]
[WhiteElo "2180"]
[BlackElo "2256"]
[PlyCount "99"]
[EventDate "2023.06.19"]
[EventType "tourn"]
[EventRounds "9"]
[EventCountry "ARG"]
[EventCategory "2"]
[SourceTitle "CBM 215 Extra"]
[Source "ChessBase"]
[SourceDate "2023.09.30"]
[SourceVersion "1"]
[SourceVersionDate "2023.09.30"]
[SourceQuality "1"]

1. c4 e6 2. e4 c5 3. Nc3 Nc6 4. Nge2 Nf6 5. d3 Be7 6. g3 d5 7. cxd5 exd5 8. Bg2 dxe4 9. dxe4 Qxd1+ 10. Nxd1 0-0 11. Ne3 Rd8 12. 0-0 Nb4 13. Nf4 Bf8 14. a3 Nc6 15. Nfd5 Nxd5 16. Nxd5 Nd4 17. Bg5 f6 18. Be3 Nc2 19. Rac1 Nxe3 20. Nxe3 Be6 21. Nd5 Rac8 22. Rfd1 Kf7 23. Bf1 Bxd5 24. Rxd5 Rxd5 25. Bc4 b5 26. Bxd5+ Ke8 27. a4 b4 28. Kf1 Bd6 29. Ke2 Be5 30. Rc2 Ke7 31. f4 Bd4 32. b3 Kd6 33. Kd3 Rb8 34. h4 h6 35. g4 Rf8 36. Kc4 g5 37. hxg5 hxg5 38. fxg5 fxg5 39. Rh2 Ke5 40. Rh7 a6 41. Rh6 Rf6 42. Rxf6 Kxf6 43. Bb7 Ke5 44. Bxa6 Kxe4 45. Bc8 Bf6 46. Kxc5 Be7+ 47. Kc4 Ke5 48. a5 Bd6 49. Kb5 Kd4 50. Kc6 1-0

[Event "Martelli Young Talents"]
[Site "Villa Martelli"]
[Date "2023.04.21"]
[Round "9"]
[White "Oro, Faustino"]
[Black "Perez Candelas, Andres Eloy"]
[Result "1/2-1/2"]
[WhiteElo "2288"]
[BlackElo "2273"]
[PlyCount "60"]
[EventDate "2023.04.13"]
[EventType "tourn"]
[EventRounds "9"]
[EventCountry "ARG"]
[EventCategory "4"]
[SourceTitle "CBM 213 Extra"]
[Source "ChessBase"]
[SourceDate "2023.05.31"]
[SourceVersion "1"]
[SourceVersionDate "2023.05.31"]
[SourceQuality "1"]

1. d4 e6 2. c4 d5 3. Nc3 c5 4. cxd5 exd5 5. Nf3 Nc6 6. dxc5 Be6 7. Nd4 Bxc5 8. Nxe6 fxe6 9. g3 Qb6 10. e3 d4 11. exd4 Bxd4 12. Qh5+ g6 13. Qe2 Nge7 14. Bg2 0-0 15. 0-0 Ne5 16. Bf4 Rf5 17. Qe4 Ng4 18. Na4 Nxf2 19. Qxf5 Nxf5 20. Nxb6 Nd3+ 21. Kh1 axb6 22. Bxb7 Ra7 23. Bc8 e5 24. Be6+ Kg7 25. Bd2 e4 26. g4 Nh4 27. Rae1 Nxe1 28. Rxe1 Bxb2 29. Rxe4 Rc7 30. Rb4 Bc3 1/2-1/2

[Event "Buenos Aires Torre Blanca Cup"]
[Site "Buenos Aires"]
[Date "2023.03.23"]
[Round "8"]
[White "Perez Candelas, Andres Eloy"]
[Black "Diaz Hollemaert, Nahuel Carlos"]
[Result "0-1"]
[WhiteElo "2256"]
[BlackElo "2407"]
[PlyCount "164"]
[EventDate "2023.03.17"]
[EventType "tourn"]
[EventRounds "9"]
[EventCountry "ARG"]
[EventCategory "3"]
[SourceTitle "CBM 213 Extra"]
[Source "ChessBase"]
[SourceDate "2023.05.31"]
[SourceVersion "1"]
[SourceVersionDate "2023.05.31"]
[SourceQuality "1"]

1. e4 g6 2. d4 Bg7 3. Nc3 a6 4. Be3 b5 5. Qd2 d6 6. 0-0-0 Nd7 7. h4 h5 8. Nh3 Nb6 9. Ng5 Nf6 10. e5 dxe5 11. dxe5 Qxd2+ 12. Rxd2 b4 13. Nb5 axb5 14. Bxb6 Nd7 15. Bxc7 Rxa2 16. Kb1 Ra7 17. e6 fxe6 18. Nxe6 Bh6 19. Bf4 Kf7 20. Bxh6 Kxe6 21. Bg7 Rg8 22. Bd4 Ra5 23. Rh3 Bb7 24. b3 Rga8 25. Bd3 Kf7 26. Rg3 R8a6 27. Rg5 e5 28. Bb2 Nc5 29. Rxe5 Nxd3 30. Rxd3 Bc8 31. Rde3 Re6 32. Rxe6 Bxe6 33. Re4 Bd5 34. Rf4+ Ke7 35. f3 Ra8 36. Rxb4 Bc6 37. Rf4 Bd7 38. Re4+ Kf7 39. Rf4+ Ke7 40. Bf6+ Ke6 41. Bc3 Kd5 42. Rd4+ Kc6 43. Bb4 Rg8 44. Bd2 Re8 45. Bf4 Bf5 46. Rd2 b4 47. Kb2 Re6 48. g3 Kc5 49. Bh6 Rc6 50. Re2 Kb5 51. Rg2 Rc3 52. g4 hxg4 53. fxg4 Bd7 54. Bg7 Rh3 55. Bf6 Rf3 56. Bg5 Rc3 57. Bd2 Rh3 58. h5 gxh5 59. g5 Rh4 60. Re2 Rg4 61. Re7 Kc6 62. Rh7 h4 63. Rh6+ Kb5 64. g6 Rg2 65. Rh5+ Kc6 66. Bxb4 h3 67. Rh6 Bf5 68. g7+ Kb7 69. Bf8 Rxc2+ 70. Ka3 Rg2 71. Rh5 Be6 72. Rh7 Kc6 73. Rh6 Kd7 74. Ka4 h2 75. b4 Bd5 76. Rd6+ Ke8 77. Rh6 Bc6+ 78. b5 h1Q 79. Rxh1 Rg4+ 80. Ka5 Bxh1 81. b6 Bc6 82. Bd6 Ra4# 0-1

[Event "Buenos Aires Torre Blanca Cup"]
[Site "Buenos Aires"]
[Date "2023.03.21"]
[Round "6"]
[White "Perez Candelas, Andres Eloy"]
[Black "Fiorito, Joaquin"]
[Result "1/2-1/2"]
[WhiteElo "2256"]
[BlackElo "2348"]
[PlyCount "56"]
[EventDate "2023.03.17"]
[EventType "tourn"]
[EventRounds "9"]
[EventCountry "ARG"]
[EventCategory "3"]
[SourceTitle "CBM 213 Extra"]
[Source "ChessBase"]
[SourceDate "2023.05.31"]
[SourceVersion "1"]
[SourceVersionDate "2023.05.31"]
[SourceQuality "1"]

1. e4 c6 2. d3 d5 3. Nf3 Bg4 4. h3 Bh5 5. Nc3 dxe4 6. dxe4 Qxd1+ 7. Kxd1 Bxf3+ 8. gxf3 g6 9. h4 Nf6 10. Be3 Nbd7 11. Bh3 e6 12. Ke2 Bc5 13. Rad1 Bxe3 14. Kxe3 Ke7 15. f4 Rad8 16. Rd4 h6 17. f3 e5 18. fxe5 Nxe5 19. Rxd8 Rxd8 20. b3 g5 21. Bf5 c5 22. hxg5 hxg5 23. Rg1 Rg8 24. Rd1 Rd8 25. Rg1 Rg8 26. Rd1 Rd8 27. Rg1 Rg8 28. Rd1 Rd8 1/2-1/2

[Event "Buenos Aires Torre Blanca Cup"]
[Site "Buenos Aires"]
[Date "2023.03.20"]
[Round "5"]
[White "Perez Candelas, Andres Eloy"]
[Black "Tomiello, Lucas Costamilan"]
[Result "0-1"]
[WhiteElo "2256"]
[BlackElo "2248"]
[PlyCount "102"]
[EventDate "2023.03.17"]
[EventType "tourn"]
[EventRounds "9"]
[EventCountry "ARG"]
[EventCategory "3"]
[SourceTitle "CBM 213 Extra"]
[Source "ChessBase"]
[SourceDate "2023.05.31"]
[SourceVersion "1"]
[SourceVersionDate "2023.05.31"]
[SourceQuality "1"]

1. e4 c5 2. c3 Nf6 3. e5 Nd5 4. d4 cxd4 5. Nf3 Nc6 6. cxd4 d6 7. Bc4 Nb6 8. Bb3 dxe5 9. d5 Na5 10. Nc3 Nxb3 11. Qxb3 g6 12. Bg5 f6 13. Be3 Bd7 14. h4 h5 15. a4 Nc8 16. Qxb7 Nd6 17. Qa6 Qb8 18. 0-0 Bg7 19. Nd2 Qb4 20. f3 f5 21. Nb5 f4 22. Ne4 fxe3 23. Nc7+ Kf7 24. Ng5+ Kg8 25. Nxa8 Qxh4 26. Qxa7 Qxg5 27. Qxd7 Nf5 28. Nc7 Qh4 29. Rae1 Kh7 30. Ne8 Bh6 31. Qe6 Rxe8 32. Qf7+ Ng7 33. Re2 Qg3 34. Rfe1 Rb8 35. b4 Rxb4 36. Qxe7 Bf4 37. Kf1 Rb3 38. Qd7 Kh6 39. Qh3 Nf5 40. Ra2 Ra3 41. Rea1 Rxa2 42. Rxa2 Qg5 43. d6 Qd8 44. g4 Ng3+ 45. Kg2 Qxd6 46. gxh5 Nxh5 47. Qc8 Qd5 48. Rc2 Qd1 49. Qf8+ Kg5 50. Qe7+ Nf6 51. Qc5 e2 0-1

[Event "Buenos Aires Torre Blanca Cup"]
[Site "Buenos Aires"]
[Date "2023.03.19"]
[Round "3"]
[White "Perez Candelas, Andres Eloy"]
[Black "Oro, Faustino"]
[Result "1/2-1/2"]
[WhiteElo "2256"]
[BlackElo "2211"]
[PlyCount "45"]
[EventDate "2023.03.17"]
[EventType "tourn"]
[EventRounds "9"]
[EventCountry "ARG"]
[EventCategory "3"]
[SourceTitle "CBM 213 Extra"]
[Source "ChessBase"]
[SourceDate "2023.05.31"]
[SourceVersion "1"]
[SourceVersionDate "2023.05.31"]
[SourceQuality "1"]

1. Nf3 c5 2. g3 Nc6 3. Bg2 e5 4. 0-0 d5 5. d3 Nf6 6. e4 Be7 7. exd5 Nxd5 8. Re1 f6 9. Nc3 Be6 10. Nh4 Qd7 11. Qh5+ Bf7 12. Qf5 Ndb4 13. Qxd7+ Kxd7 14. Bxc6+ Kxc6 15. Re2 Rhd8 16. Nf5 Bf8 17. a3 Na6 18. f4 g6 19. fxe5 fxe5 20. Nh6 Be6 21. Rxe5 Nc7 22. Bg5 Bg7 23. Rxe6+ 1/2-1/2

[Event "Santa Fe Perez op"]
[Site "Santa Fe"]
[Date "2023.01.28"]
[Round "5"]
[White "Straini, Nahuel"]
[Black "Perez Candelas, Andres Eloy"]
[Result "0-1"]
[WhiteElo "1989"]
[BlackElo "2271"]
[PlyCount "108"]
[EventDate "2023.01.26"]
[EventType "swiss"]
[EventRounds "7"]
[EventCountry "ARG"]
[SourceTitle "CBM 212 Extra"]
[Source "ChessBase"]
[SourceDate "2023.03.31"]
[SourceVersion "1"]
[SourceVersionDate "2023.03.31"]
[SourceQuality "1"]

1. d4 Nf6 2. Bf4 c5 3. e3 Qb6 4. Nc3 d6 5. dxc5 Qxc5 6. Nf3 a6 7. h3 g6 8. e4 Bg7 9. Be3 Qc7 10. Be2 b5 11. a4 b4 12. Nd5 Nxd5 13. Qxd5 Bb7 14. Qb3 Nd7 15. Qxb4 0-0 16. c3 Rfb8 17. Nd2 Nc5 18. Bxc5 dxc5 19. Qa3 Bh6 20. Rd1 Rd8 21. Nf3 Rxd1+ 22. Bxd1 Bxe4 23. 0-0 Rb8 24. Re1 Bd5 25. Be2 Rb3 26. Qa1 Qb7 27. Qd1 e6 28. c4 Bc6 29. Qd8+ Kg7 30. Ne5 Bf4 31. Ng4 Qc7 32. Qf6+ Kg8 33. g3 Bd2 34. Rd1 Rxg3+ 35. Kf1 Bg2+ 36. Kg1 Bxh3+ 37. Kh1 Bg2+ 38. Kg1 Be4+ 39. Kf1 Rh3 40. f4 Rh1+ 41. Kf2 Rxd1 42. Nh6+ Kf8 43. Qh8+ Ke7 44. Ng8+ Kd7 45. Nf6+ Kc6 46. Qa8+ Kb6 47. Qxe4 Rc1 48. Bf3 Bxf4 49. Qd3 Bg5 50. a5+ Ka7 51. Ng4 Bh4+ 52. Ke2 Re1+ 53. Kd2 Qf4+ 54. Kc2 Qf5 0-1

[Event "Pergamino op"]
[Site "Pergamino"]
[Date "2022.12.10"]
[Round "4"]
[White "Perez Candelas, Andres Eloy"]
[Black "Ocampos, Ian Guido"]
[Result "1-0"]
[WhiteElo "2253"]
[BlackElo "2217"]
[PlyCount "153"]
[EventDate "2022.12.09"]
[EventType "swiss"]
[EventRounds "6"]
[EventCountry "ARG"]
[SourceTitle "EXT 2024"]
[Source "ChessBase"]
[SourceDate "2023.10.10"]
[SourceVersion "1"]
[SourceVersionDate "2023.10.10"]
[SourceQuality "1"]

1. e4 c5 2. Nf3 d6 3. d4 cxd4 4. Nxd4 Nf6 5. f3 e5 6. Nb3 d5 7. Bg5 Be6 8. Bxf6 gxf6 9. exd5 Qxd5 10. Qxd5 Bxd5 11. Nc3 Be6 12. 0-0-0 a6 13. Nd5 Bxd5 14. Rxd5 Rg8 15. g3 Nc6 16. Bh3 Rd8 17. Rhd1 Rxd5 18. Rxd5 Rg6 19. Bd7+ Ke7 20. Bf5 Rg5 21. Bc8 b6 22. c3 Nb8 23. Kc2 h5 24. Nd2 Rg8 25. Ne4 Bg7 26. Nd6 Kd8 27. Bf5 Kc7 28. Nxf7 Rf8 29. Bg6 Nc6 30. Bxh5 Ne7 31. Rd3 f5 32. Nd6 Bh6 33. Ne8+ Kc8 34. Rd6 Be3 35. Re6 Bc5 36. b4 Kd7 37. Rxe5 Bg1 38. Re2 Nd5 39. f4 Rh8 40. Bg6 Rxh2 41. Rxh2 Bxh2 42. Ng7 Bxg3 43. Nh5 Bh2 44. Bxf5+ Kc7 45. Bd3 Nxf4 46. Nxf4 Bxf4 47. Bxa6 Bg3 48. Kd3 Be1 49. a3 Bh4 50. Kc4 Be1 51. Bb5 Kb7 52. Be8 Kc7 53. Kb3 Kb7 54. Bg6 Kc7 55. Be4 Kb8 56. c4 Kc7 57. Ka4 Bc3 58. Kb5 Bb2 59. a4 Bc3 60. Bf3 Be1 61. a5 bxa5 62. Kxa5 Bd2 63. Kb5 Be1 64. c5 Bd2 65. Kc4 Be3 66. Kd5 Bf2 67. b5 Bg3 68. b6+ Kb7 69. Kc4+ Ka6 70. Bg4 Kb7 71. Kb5 Kb8 72. c6 Bf4 73. Kc4 Bg3 74. Kd5 Bf4 75. Ke6 Kc8 76. Ke7+ Kb8 77. Kd7 1-0

[Event "Pergamino op"]
[Site "Pergamino"]
[Date "2022.12.10"]
[Round "3"]
[White "Virgillito, Cristian"]
[Black "Perez Candelas, Andres Eloy"]
[Result "0-1"]
[WhiteElo "2128"]
[BlackElo "2253"]
[PlyCount "88"]
[EventDate "2022.12.09"]
[EventType "swiss"]
[EventRounds "6"]
[EventCountry "ARG"]
[SourceTitle "EXT 2024"]
[Source "ChessBase"]
[SourceDate "2023.10.10"]
[SourceVersion "1"]
[SourceVersionDate "2023.10.10"]
[SourceQuality "1"]

1. d4 e6 2. c4 d5 3. Nf3 c5 4. cxd5 exd5 5. Nc3 Nc6 6. e3 Nf6 7. Ne5 cxd4 8. exd4 Bd6 9. Bb5 0-0 10. Bxc6 bxc6 11. 0-0 Qc7 12. Re1 Rb8 13. Bg5 Nd7 14. Rc1 f6 15. Nxd5 Qa5 16. Ne7+ Bxe7 17. Nxc6 Qxg5 18. Nxe7+ Kh8 19. Qa4 Bb7 20. d5 Nb6 21. Qa5 Rfe8 22. Rc5 Nd7 23. h4 Qg4 24. Rc3 Ne5 25. Rg3 Qd7 26. d6 Qxd6 27. Nf5 Qd5 28. Qxd5 Bxd5 29. Rd1 Bxa2 30. Nxg7 Rg8 31. Nh5 Rxg3 32. fxg3 Bf7 33. Nxf6 Rxb2 34. Re1 Rb5 35. g4 a5 36. Ra1 Bb3 37. Kf2 a4 38. Ke3 a3 39. Kd4 a2 40. Ne4 Nxg4 41. Nc3 Ra5 42. Ne2 Bf7 43. Kc3 Ne3 44. g3 Rb5 0-1

[Event "Pergamino op"]
[Site "Pergamino"]
[Date "2022.12.09"]
[Round "2"]
[White "Perez Candelas, Andres Eloy"]
[Black "Montero, Facundo Nicolas"]
[Result "1-0"]
[WhiteElo "2253"]
[BlackElo "1862"]
[PlyCount "47"]
[EventDate "2022.12.09"]
[EventType "swiss"]
[EventRounds "6"]
[EventCountry "ARG"]
[SourceTitle "EXT 2024"]
[Source "ChessBase"]
[SourceDate "2023.10.10"]
[SourceVersion "1"]
[SourceVersionDate "2023.10.10"]
[SourceQuality "1"]

1. e4 c6 2. Nf3 d5 3. d3 Bg4 4. h3 dxe4 5. hxg4 exf3 6. Qxf3 Qd5 7. Qe3 Nf6 8. g5 Nfd7 9. Nc3 Qe5 10. Ne4 e6 11. d4 Qa5+ 12. Bd2 Qc7 13. g6 fxg6 14. Ng5 e5 15. Bc4 Bd6 16. Ne6 Qb6 17. Nxg7+ Kd8 18. 0-0-0 Kc8 19. Bc3 exd4 20. Bxd4 Bc5 21. Be6 Bxd4 22. Rxd4 Qc5 23. Ne8 Rxe8 24. Bxd7+ 1-0

[Event "Montevideo Integracion 2nd"]
[Site "Montevideo"]
[Date "2022.12.02"]
[Round "7"]
[White "Perez Candelas, Andres Eloy"]
[Black "Hoffman, Alejandro"]
[Result "1/2-1/2"]
[WhiteElo "2240"]
[BlackElo "2372"]
[PlyCount "20"]
[EventDate "2022.11.28"]
[EventType "tourn"]
[EventRounds "9"]
[EventCountry "URU"]
[EventCategory "3"]
[SourceTitle "CBM 211 Extra"]
[Source "ChessBase"]
[SourceDate "2023.01.31"]
[SourceVersion "1"]
[SourceVersionDate "2023.01.31"]
[SourceQuality "1"]

1. e4 e6 2. d4 d5 3. exd5 exd5 4. Nf3 Nf6 5. Bd3 Be7 6. 0-0 0-0 7. h3 c5 8. c3 Nc6 9. dxc5 Bxc5 10. Nbd2 h6 1/2-1/2

[Event "Vicente Lopez ProAm 100 Years op"]
[Site "Buenos Aires"]
[Date "2022.10.16"]
[Round "6"]
[White "Valerga, Diego"]
[Black "Perez Candelas, Andres Eloy"]
[Result "1-0"]
[WhiteElo "2434"]
[BlackElo "2249"]
[PlyCount "119"]
[EventDate "2022.10.11"]
[EventType "swiss"]
[EventRounds "9"]
[EventCountry "ARG"]
[SourceTitle "CBM 210 Extra"]
[Source "ChessBase"]
[SourceDate "2022.11.30"]
[SourceVersion "1"]
[SourceVersionDate "2022.11.30"]
[SourceQuality "1"]

1. d4 e6 2. Nf3 Nf6 3. c4 c5 4. e3 d5 5. a3 a6 6. dxc5 Bxc5 7. b4 Ba7 8. Nbd2 0-0 9. Bb2 Nc6 10. Qc2 dxc4 11. Rd1 Qe7 12. Bxc4 e5 13. Ne4 Bf5 14. Bd3 Bxe4 15. Bxe4 Nxb4 16. Qb3 Nxe4 17. axb4 Rad8 18. 0-0 Bb8 19. b5 Rxd1 20. Rxd1 Rd8 21. Rxd8+ Qxd8 22. bxa6 Nc5 23. Qc2 e4 24. Nd4 Qc7 25. axb7 Qxh2+ 26. Kf1 Qc7 27. Nf5 Qd7 28. Nxg7 Nxb7 29. Nh5 Qb5+ 30. Kg1 Bh2+ 31. Kxh2 Qxh5+ 32. Kg1 Nd6 33. Qa4 Qd5 34. Bd4 h6 35. Qd7 Qe6 36. Qd8+ Kh7 37. Qh8+ Kg6 38. Qg7+ Kh5 39. Be5 Ne8 40. Qh8 f6 41. Bf4 f5 42. Bxh6 Qxh6 43. Qxe8+ Kg4 44. Qg8+ Kh5 45. Kh2 Qf6 46. Qh7+ Kg5 47. Kh3 Qa1 48. Qg8+ Kh6 49. Qf8+ Kg5 50. Qd8+ Kg6 51. Kh4 Qh1+ 52. Kg3 Qa1 53. Kf4 Qb2 54. Qg5+ Kh7 55. Qxf5+ Kh6 56. Qf8+ Kg6 57. Kxe4 Qb7+ 58. Kf4 Qc7+ 59. Kf3 Qc6+ 60. Kg3 1-0

[Event "Vicente Lopez ProAm 100 Years op"]
[Site "Buenos Aires"]
[Date "2022.10.13"]
[Round "3"]
[White "Perez Candelas, Andres Eloy"]
[Black "Acosta, Franco Emanuel"]
[Result "1/2-1/2"]
[WhiteElo "2249"]
[BlackElo "1956"]
[PlyCount "120"]
[EventDate "2022.10.11"]
[EventType "swiss"]
[EventRounds "9"]
[EventCountry "ARG"]
[SourceTitle "CBM 210 Extra"]
[Source "ChessBase"]
[SourceDate "2022.11.30"]
[SourceVersion "1"]
[SourceVersionDate "2022.11.30"]
[SourceQuality "1"]

1. g3 c5 2. Bg2 Nc6 3. d3 g6 4. c4 Bg7 5. Nc3 d6 6. a3 a5 7. e3 e5 8. Nge2 Nge7 9. 0-0 0-0 10. b3 Be6 11. Nd5 e4 12. Nxe7+ Qxe7 13. Rb1 exd3 14. Nf4 g5 15. Nd5 Bxd5 16. Bxd5 Qd7 17. Bb2 Qf5 18. f4 g4 19. e4 Qh5 20. Bxg7 Kxg7 21. Bxc6 bxc6 22. f5 Qg5 23. Rf4 h5 24. Qxd3 Qf6 25. Rd1 Rab8 26. h3 gxh3 27. Kh2 Rfd8 28. Kxh3 Qb2 29. f6+ Kf8 30. Rf5 Ke8 31. Qf3 Qxb3 32. Qxh5 Qxc4 33. e5 Kd7 34. Rxd6+ Kc7 35. Rxd8 Rxd8 36. Rf4 Rd4 37. Qg4 Qd5 38. Qf5 Rd1 39. e6 Qh1+ 40. Kg4 Rd5 41. Rf1 Rxf5 42. Rxh1 Rxf6 43. exf7 Rxf7 44. Rc1 Kd6 45. Rd1+ Ke5 46. Re1+ Kd4 47. Rd1+ Kc4 48. Rc1+ Kb5 49. Rb1+ Ka4 50. Rc1 Kb5 51. Rb1+ Kc4 52. Rc1+ Kd5 53. Rd1+ Ke4 54. Rc1 Rg7+ 55. Kh4 Rh7+ 56. Kg4 Kd5 57. Rd1+ Ke5 58. Re1+ Kd6 59. Rd1+ Kc7 60. Rc1 Kd6 1/2-1/2